<?xml version="1.0" encoding="UTF-8"?>
<record
    xmlns:xsi="http://www.w3.org/2001/XMLSchema-instance"
    xsi:schemaLocation="http://www.loc.gov/MARC21/slim http://www.loc.gov/standards/marcxml/schema/MARC21slim.xsd"
    xmlns="http://www.loc.gov/MARC21/slim">

  <leader>00860nam a22001697a 4500</leader>
  <controlfield tag="003">SGT</controlfield>
  <datafield tag="020" ind1=" " ind2=" ">
    <subfield code="a">978-81-250-5085-8</subfield>
  </datafield>
  <datafield tag="082" ind1=" " ind2=" ">
    <subfield code="a">420,BAN</subfield>
  </datafield>
  <datafield tag="100" ind1=" " ind2=" ">
    <subfield code="a">BANSAL,R.K</subfield>
  </datafield>
  <datafield tag="245" ind1=" " ind2=" ">
    <subfield code="a">SPOKEN ENGLISH: MANUAL OF SPEECH AND PHONETICS</subfield>
  </datafield>
  <datafield tag="250" ind1=" " ind2=" ">
    <subfield code="a">4TH</subfield>
  </datafield>
  <datafield tag="260" ind1=" " ind2=" ">
    <subfield code="a">NEW DELHI</subfield>
    <subfield code="b">ORIENT BLACKSWAN</subfield>
    <subfield code="c">2016</subfield>
  </datafield>
  <datafield tag="300" ind1=" " ind2=" ">
    <subfield code="a">221</subfield>
  </datafield>
  <datafield tag="650" ind1=" " ind2=" ">
    <subfield code="a">ENGLISH</subfield>
  </datafield>
  <datafield tag="653" ind1=" " ind2=" ">
    <subfield code="a">PART I:  PHONETICS AND SPOKEN ENGLISH 1. INTRODUCTION 2. THE SPEECH MECHANISM 3. THE DESCRIPTION OF SPEECH SOUNDS 4. THE PHONEME, THE SYLLABLE AND PROSODIC FEATURES 5. THE SOUNDS OF ENGLISH: VOWELS 6. THE SOUNDS OF ENGLISH: CONSONANTS 7. WORD STRESS 8. FEATURES OF CONNECTED SPEECH 9. FACTORS AFFECTING THE INTERNATIONAL INTELLIGIBILITY OF INDIAN ENGLISH AND SUGGESTIONS FOR IMPROVEMENT PART II: EXERCISES FOR PRACTICE 10. VOWELS 11. CONSONANTS 12. CONSONANT CLUSTERS 13. CONVERSATIONS</subfield>
  </datafield>
  <datafield tag="942" ind1=" " ind2=" ">
    <subfield code="2">ddc</subfield>
    <subfield code="c">BK</subfield>
    <subfield code="0">2</subfield>
  </datafield>
  <datafield tag="952" ind1=" " ind2=" ">
    <subfield code="0">0</subfield>
    <subfield code="1">0</subfield>
    <subfield code="2">ddc</subfield>
    <subfield code="4">0</subfield>
    <subfield code="7">1</subfield>
    <subfield code="a">SSSL</subfield>
    <subfield code="b">SSSL</subfield>
    <subfield code="c">REF</subfield>
    <subfield code="d">2016-09-29</subfield>
    <subfield code="e">AHUJA BOOKS</subfield>
    <subfield code="g">250.00</subfield>
    <subfield code="i">SGTU</subfield>
    <subfield code="o">420,BAN</subfield>
    <subfield code="p">AG1947</subfield>
    <subfield code="r">2016-09-29 00:00:00</subfield>
    <subfield code="w">2016-08-01</subfield>
    <subfield code="y">BK</subfield>
    <subfield code="k">7116</subfield>
  </datafield>
  <datafield tag="952" ind1=" " ind2=" ">
    <subfield code="0">0</subfield>
    <subfield code="1">0</subfield>
    <subfield code="2">ddc</subfield>
    <subfield code="4">0</subfield>
    <subfield code="7">0</subfield>
    <subfield code="a">SSSL</subfield>
    <subfield code="b">SSSL</subfield>
    <subfield code="c">TXT</subfield>
    <subfield code="d">2016-09-29</subfield>
    <subfield code="e">AHUJA BOOKS</subfield>
    <subfield code="g">250.00</subfield>
    <subfield code="i">SGTU</subfield>
    <subfield code="l">0</subfield>
    <subfield code="o">420,BAN</subfield>
    <subfield code="p">AG1948</subfield>
    <subfield code="r">2016-09-29 00:00:00</subfield>
    <subfield code="w">2016-08-01</subfield>
    <subfield code="y">BK</subfield>
    <subfield code="k">7116</subfield>
  </datafield>
  <datafield tag="952" ind1=" " ind2=" ">
    <subfield code="0">0</subfield>
    <subfield code="1">0</subfield>
    <subfield code="2">ddc</subfield>
    <subfield code="4">0</subfield>
    <subfield code="7">0</subfield>
    <subfield code="a">SSSL</subfield>
    <subfield code="b">SSSL</subfield>
    <subfield code="c">TXT</subfield>
    <subfield code="d">2016-09-29</subfield>
    <subfield code="e">AHUJA BOOKS</subfield>
    <subfield code="g">250.00</subfield>
    <subfield code="i">SGTU</subfield>
    <subfield code="l">1</subfield>
    <subfield code="o">420,BAN</subfield>
    <subfield code="p">AG1949</subfield>
    <subfield code="r">2021-12-27 00:00:00</subfield>
    <subfield code="s">2021-12-14</subfield>
    <subfield code="w">2016-08-01</subfield>
    <subfield code="y">BK</subfield>
    <subfield code="k">7116</subfield>
  </datafield>
  <datafield tag="952" ind1=" " ind2=" ">
    <subfield code="0">0</subfield>
    <subfield code="1">0</subfield>
    <subfield code="2">ddc</subfield>
    <subfield code="4">0</subfield>
    <subfield code="7">0</subfield>
    <subfield code="a">SSSL</subfield>
    <subfield code="b">SSSL</subfield>
    <subfield code="c">TXT</subfield>
    <subfield code="d">2016-09-29</subfield>
    <subfield code="e">AHUJA BOOKS</subfield>
    <subfield code="g">250.00</subfield>
    <subfield code="i">SGTU</subfield>
    <subfield code="l">2</subfield>
    <subfield code="o">420,BAN</subfield>
    <subfield code="p">AG1950</subfield>
    <subfield code="r">2024-02-06 00:00:00</subfield>
    <subfield code="s">2022-05-19</subfield>
    <subfield code="w">2016-08-01</subfield>
    <subfield code="y">BK</subfield>
    <subfield code="k">7116</subfield>
  </datafield>
  <datafield tag="952" ind1=" " ind2=" ">
    <subfield code="0">0</subfield>
    <subfield code="1">0</subfield>
    <subfield code="2">ddc</subfield>
    <subfield code="4">0</subfield>
    <subfield code="7">0</subfield>
    <subfield code="a">SSSL</subfield>
    <subfield code="b">SSSL</subfield>
    <subfield code="c">TXT</subfield>
    <subfield code="d">2016-09-29</subfield>
    <subfield code="e">AHUJA BOOKS</subfield>
    <subfield code="g">250.00</subfield>
    <subfield code="i">SGTU</subfield>
    <subfield code="l">5</subfield>
    <subfield code="o">420,BAN</subfield>
    <subfield code="p">AG1951</subfield>
    <subfield code="r">2019-12-24 00:00:00</subfield>
    <subfield code="s">2019-12-13</subfield>
    <subfield code="w">2016-08-01</subfield>
    <subfield code="y">BK</subfield>
    <subfield code="k">7116</subfield>
  </datafield>
  <datafield tag="952" ind1=" " ind2=" ">
    <subfield code="0">0</subfield>
    <subfield code="1">0</subfield>
    <subfield code="2">ddc</subfield>
    <subfield code="4">0</subfield>
    <subfield code="7">0</subfield>
    <subfield code="a">SSSL</subfield>
    <subfield code="b">SSSL</subfield>
    <subfield code="c">TXT</subfield>
    <subfield code="d">2016-09-29</subfield>
    <subfield code="e">AHUJA BOOKS</subfield>
    <subfield code="g">250.00</subfield>
    <subfield code="i">SGTU</subfield>
    <subfield code="l">1</subfield>
    <subfield code="o">420,BAN</subfield>
    <subfield code="p">AG1952</subfield>
    <subfield code="r">2019-12-09 00:00:00</subfield>
    <subfield code="s">2019-11-28</subfield>
    <subfield code="w">2016-08-01</subfield>
    <subfield code="y">BK</subfield>
    <subfield code="k">7116</subfield>
  </datafield>
  <datafield tag="999" ind1=" " ind2=" ">
    <subfield code="c">9971</subfield>
    <subfield code="d">9971</subfield>
  </datafield>
</record>
